• 首页
  • 本馆介绍
  • 公告通知
  • 最新文献
  • 馆藏检索
  • 电子资源
  • 读者导购
  • 参考咨询
  • 我的图书馆
  • 登录
  • 详细信息显示
  • 放入我的书架
  • 预约/预借图书
  • 作者相关作品
  • 分类相关作品
  • 丛书相关作品
  • 出版社相关作品

书目信息

  • 表格格式
  • 工作单格式
  • 卡片格式
题名:
马克思 恩格斯 列宁 斯大林论科学技术
    
 
作者: 王永锡 编
分册:  
出版信息: 北京   人民出版社  1978
页数: 306页
开本: 20cm
丛书名:
单 册:
中图分类: A5 , F830
科图分类: 01.427
主题词: 马克思著作-货币和银行经济学--文摘 , 货币和银行经济学-马克思著作--文摘 , 马列著作--汇编
电子资源:
ISBN: 7-81017-384-7
000 00967nam0 2200289 45
001 1535765736
005 20150120095728.26
010    @a7-81017-384-7@dCNY0.70
020    @aCN@b92013336
100    @a19921205d1978 em y0chiy0121 ea
101 0  @achi
102    @aCN@b110000
105    @ay z 000yy
200 10 @a马克思 恩格斯 列宁 斯大林论科学技术@Ama ke si en ge si lie ning si da lin lun ke xue ji shu@f王永锡等编@Fwang yong xi deng bian
210    @a北京@c人民出版社@d1978
215    @a306页@d20cm
330    @a本书选编了马克思《资本论》中关于商品货币的理论、关于资本流通理论以及信用银行理论。
540 1  @a马克思 货币 银行理论@Ama ke si huo bi yin hang li lun
606    @a马克思著作-货币和银行经济学@x文摘
606    @a货币和银行经济学-马克思著作@x文摘
606 0  @a马列著作@x汇编
690    @aA5@v4
690    @aF830
692    @a01.427
701  0 @a王永锡@Awang yong xi@4编
801  0 @aCN@bTSSF@c20150120
905    @aZUCC@dA5@eJY16
    
    马克思 恩格斯 列宁 斯大林论科学技术/王永锡等编.-北京:人民出版社,1978
    306页;20cm
    
    
    ISBN 7-81017-384-7:CNY0.70
    本书选编了马克思《资本论》中关于商品货币的理论、关于资本流通理论以及信用银行理论。
●
相关链接 在E读中查询图书 在五车中查询图书 在当当中查询图书 在豆瓣中查询图书


正题名:马克思 恩格斯 列宁 斯大林论科学技术     索取号:A5/JY16         预约/预借

序号 登录号 条形码 馆藏地/架位号 状态 备注
1 7836681   278366812   学院路分馆/ [索取号:A5/JY16] 在馆    
唐山师范学院图书馆 欢迎您!
大连网信软件有限公司© 版权所有